| 000 | 00483nam a2200181Ia 4500 | ||
|---|---|---|---|
| 003 | OSt | ||
| 005 | 20201001102110.0 | ||
| 008 | 190216s9999||||xx |||||||||||||| ||und|| | ||
| 040 | _coclc | ||
| 082 |
_a660.6 _bKUM/B |
||
| 100 |
_aKumaresan, V _94997 |
||
| 245 | 0 |
_aBiotechnology / _cV Kumaresan |
|
| 250 | _a1st Ed. | ||
| 260 |
_bSaras Publications, _c2000. _aNagercoil: |
||
| 300 | _a454p | ||
| 650 | _aBotany | ||
| 942 |
_cBK _2ddc _h660.6 _iKUM/B _k660.6 _mKUM/B |
||
| 999 |
_c1490 _d1490 |
||